000
00311nam a22001457a 4500
999
_c
2769
_d
2769
003
NUST
020
_a
9788126144167
038
_a
A
082
_a
302.24
100
_a
Bhanu Pratap Singh
_9
31319
245
_a
Art of editing
260
_a
New Delhi
_b
Anmol publications
_c
2011
300
_a
304p
942
_c
BK
_2
ddc